KS3 Science Food & health 1 - Statistics

General Stats
  • This quiz has been taken 74 times
  • The average score is 6 of 10
Answer Stats
Question Answer % Correct
Which of these foods is high in protein? Tuna
100%
Name the nutrient that is needed for strong bones? Calcium
84%
Which nutrient provides the best source of energy? Carbohydrate
72%
Which nutrient provides energy, protection and insulation? Fat
72%
Name the nutrient that is not absorbed in the digestive system? Fibre
68%
Which of these is not a carbohydrate? Protein
60%
Which chemical is used to test for starch Iodine
52%
Which chemical is used to test for sugar? Benedict's
36%
What is the colour formed in a positive test for sugar? Brick red
36%
Which chemical is used to test for protein? Biuret
32%
No matching quizzes found
Score Distribution
Percent of People with Each Score
Percentile by Number Answered
Your Score History
You have not taken this quiz